<?xml version="1.0" encoding="UTF-8"?><?xml-stylesheet type="text/xsl" href="static/style.xsl"?><OAI-PMH xmlns="http://www.openarchives.org/OAI/2.0/" xmlns:xsi="http://www.w3.org/2001/XMLSchema-instance" xsi:schemaLocation="http://www.openarchives.org/OAI/2.0/ http://www.openarchives.org/OAI/2.0/OAI-PMH.xsd"><responseDate>2026-04-13T02:11:21Z</responseDate><request verb="GetRecord" identifier="oai:www.recercat.cat:11351/11430" metadataPrefix="marc">https://recercat.cat/oai/request</request><GetRecord><record><header><identifier>oai:recercat.cat:11351/11430</identifier><datestamp>2025-10-24T08:56:02Z</datestamp><setSpec>com_2072_378070</setSpec><setSpec>com_2072_378040</setSpec><setSpec>com_2072_378071</setSpec><setSpec>col_2072_378092</setSpec><setSpec>col_2072_378097</setSpec></header><metadata><record xmlns="http://www.loc.gov/MARC21/slim" xmlns:dcterms="http://purl.org/dc/terms/" xmlns:xsi="http://www.w3.org/2001/XMLSchema-instance" xmlns:doc="http://www.lyncode.com/xoai" xsi:schemaLocation="http://www.loc.gov/MARC21/slim http://www.loc.gov/standards/marcxml/schema/MARC21slim.xsd">
   <leader>00925njm 22002777a 4500</leader>
   <datafield ind2=" " ind1=" " tag="042">
      <subfield code="a">dc</subfield>
   </datafield>
   <datafield ind2=" " ind1=" " tag="720">
      <subfield code="a">Wozniak, Hannah</subfield>
      <subfield code="e">author</subfield>
   </datafield>
   <datafield ind2=" " ind1=" " tag="720">
      <subfield code="a">Tabah, Alexis</subfield>
      <subfield code="e">author</subfield>
   </datafield>
   <datafield ind2=" " ind1=" " tag="720">
      <subfield code="a">Barbier, François</subfield>
      <subfield code="e">author</subfield>
   </datafield>
   <datafield ind2=" " ind1=" " tag="720">
      <subfield code="a">Ruckly, Stéphane</subfield>
      <subfield code="e">author</subfield>
   </datafield>
   <datafield ind2=" " ind1=" " tag="720">
      <subfield code="a">Loiodice, Ambre</subfield>
      <subfield code="e">author</subfield>
   </datafield>
   <datafield ind2=" " ind1=" " tag="720">
      <subfield code="a">AKOVA, MURAT</subfield>
      <subfield code="e">author</subfield>
   </datafield>
   <datafield ind2=" " ind1=" " tag="720">
      <subfield code="a">Ferrer, Ricard</subfield>
      <subfield code="e">author</subfield>
   </datafield>
   <datafield ind2=" " ind1=" " tag="260">
      <subfield code="c">2024-05-08T06:52:01Z</subfield>
   </datafield>
   <datafield ind2=" " ind1=" " tag="260">
      <subfield code="c">2024-05-08T06:52:01Z</subfield>
   </datafield>
   <datafield ind2=" " ind1=" " tag="260">
      <subfield code="c">2024-05-02</subfield>
   </datafield>
   <datafield ind2=" " ind1=" " tag="520">
      <subfield code="a">Bloodstream infections; Cirrhotic patients</subfield>
   </datafield>
   <datafield ind2=" " ind1=" " tag="520">
      <subfield code="a">Infecciones del torrente sanguíneo; Pacientes cirróticos críticos</subfield>
   </datafield>
   <datafield ind2=" " ind1=" " tag="520">
      <subfield code="a">Infeccions del torrent sanguini; Pacients cirròtics crítics</subfield>
   </datafield>
   <datafield ind2=" " ind1=" " tag="520">
      <subfield code="a">Background: Hospital-acquired bloodstream infections are common in the intensive care unit (ICU) and have a high mortality rate. Patients with cirrhosis are especially susceptible to infections, yet there is a knowledge gap in the epidemiological distinctions in hospital-acquired bloodstream infections between cirrhotic and non-cirrhotic patients in the ICU. It has been suggested that cirrhotic patients, present a trend towards more gram-positive infections, and especially enterococcal infections. This study aims to describe epidemiological differences in hospital-acquired bloodstream infections between cirrhotic and non-cirrhotic patients hospitalized in the ICU regarding infection sources, microorganisms and mortality.&#xd;
Methods: Using prospective Eurobact-2 international cohort study data, we compared hospital-acquired bloodstream infections sources and microorganisms in cirrhotic and non-cirrhotic patients. The association between Enterococcus faecium and cirrhosis was studied using a multivariable mixed logistic regression. The association between cirrhosis and mortality was assessed by a multivariable frailty Cox model.&#xd;
Results: Among the 1059 hospital-acquired bloodstream infections patients included from 101 centers, 160 had cirrhosis. Hospital-acquired bloodstream infection source in cirrhotic patients was primarily abdominal (35.6%), while it was pulmonary (18.9%) for non-cirrhotic (p &lt; 0.01). Gram-positive hospital-acquired bloodstream infections accounted for 42.3% in cirrhotic patients compared to 33.2% in non-cirrhotic patients (p = 0.02). Hospital-acquired bloodstream infections in cirrhotic patients were most frequently caused by Klebsiella spp (16.5%), coagulase-negative Staphylococci (13.7%) and E. faecium (11.5%). E. faecium bacteremia was more frequent in cirrhotic patients (11.5% versus 4.5%, p &lt; 0.01). After adjusting for possible confounding factors, cirrhosis was associated with higher E. faecium hospital-acquired bloodstream infections risk (Odds ratio 2.5, 95% CI 1.3-4.5, p &lt; 0.01). Cirrhotic patients had increased mortality compared to non-cirrhotic patients (Hazard Ratio 1.3, 95% CI 1.01-1.7, p = 0.045).&#xd;
Conclusions: Critically ill cirrhotic patients with hospital-acquired bloodstream infections exhibit distinct epidemiology, with more Gram-positive infections and particularly Enterococcus faecium.</subfield>
   </datafield>
   <datafield ind2=" " ind1=" " tag="520">
      <subfield code="a">The Eurobact-2 database received research grants from the European Society of Intensive Care Medicine (ESICM), the European Society of Clinical Microbiology and Infectious Diseases (ESCMID) study Group for Infections in Critically Ill Patients (ESGCIP), the Norva Dahlia foundation and the Redcliffe Hospital Private Practice Trust Fund. This report was prepared with no specific funding.  Open access funding provided by University of Geneva</subfield>
   </datafield>
   <datafield ind1="8" ind2=" " tag="024">
      <subfield code="a">http://hdl.handle.net/11351/11430</subfield>
   </datafield>
   <datafield tag="653" ind2=" " ind1=" ">
      <subfield code="a">Septicèmia</subfield>
   </datafield>
   <datafield tag="653" ind2=" " ind1=" ">
      <subfield code="a">Infeccions nosocomials</subfield>
   </datafield>
   <datafield tag="653" ind2=" " ind1=" ">
      <subfield code="a">Unitats de cures intensives</subfield>
   </datafield>
   <datafield tag="653" ind2=" " ind1=" ">
      <subfield code="a">Cirrosi hepàtica</subfield>
   </datafield>
   <datafield tag="653" ind2=" " ind1=" ">
      <subfield code="a">DISEASES::Bacterial Infections and Mycoses::Infection::Cross Infection</subfield>
   </datafield>
   <datafield tag="653" ind2=" " ind1=" ">
      <subfield code="a">HEALTH CARE::Health Care Facilities, Manpower, and Services::Health Facilities::Hospital Units::Intensive Care Units</subfield>
   </datafield>
   <datafield tag="653" ind2=" " ind1=" ">
      <subfield code="a">DISEASES::Bacterial Infections and Mycoses::Infection::Sepsis</subfield>
   </datafield>
   <datafield tag="653" ind2=" " ind1=" ">
      <subfield code="a">DISEASES::Digestive System Diseases::Liver Diseases::Liver Cirrhosis</subfield>
   </datafield>
   <datafield tag="653" ind2=" " ind1=" ">
      <subfield code="a">ENFERMEDADES::infecciones bacterianas y micosis::infección::infección hospitalaria</subfield>
   </datafield>
   <datafield tag="653" ind2=" " ind1=" ">
      <subfield code="a">ATENCIÓN DE SALUD::instalaciones, servicios y personal de asistencia sanitaria::centros sanitarios::unidades hospitalarias::unidades de cuidados intensivos</subfield>
   </datafield>
   <datafield tag="653" ind2=" " ind1=" ">
      <subfield code="a">ENFERMEDADES::infecciones bacterianas y micosis::infección::sepsis</subfield>
   </datafield>
   <datafield tag="653" ind2=" " ind1=" ">
      <subfield code="a">ENFERMEDADES::enfermedades del sistema digestivo::enfermedades hepáticas::cirrosis hepática</subfield>
   </datafield>
   <datafield ind2="0" ind1="0" tag="245">
      <subfield code="a">Hospital-acquired bloodstream infections in critically ill cirrhotic patients: a post-hoc analysis of the EUROBACT-2 international cohort study</subfield>
   </datafield>
</record></metadata></record></GetRecord></OAI-PMH>